Random Base Conversion - Binary to Octal - Statistics

General Stats
  • This quiz has been taken 38 times
  • The average score is 14 of 20
Answer Stats
Binary Octal % Correct
0 0
100%
1000 10
100%
1000000 100
100%
1000001 101
100%
1000110 106
100%
1000111 107
100%
1001 11
100%
1001011 113
100%
1001101 115
100%
1001111 117
100%
1010 12
100%
1010001 121
100%
1010101 125
100%
1010110 126
100%
1010111 127
100%
1011 13
100%
1011000 130
100%
1011011 133
100%
1011100 134
100%
1011110 136
100%
1100 14
100%
1100001 141
100%
1100010 142
100%
1100100 144
100%
1101001 151
100%
1101011 153
100%
1101100 154
100%
1101101 155
100%
1110 16
100%
1110001 161
100%
1110011 163
100%
1110101 165
100%
1111 17
100%
1111000 170
100%
1111100 174
100%
1111110 176
100%
1111111 177
100%
10 2
100%
10000 20
100%
10000001 201
100%
10000010 202
100%
10000011 203
100%
10000101 205
100%
10000111 207
100%
10001 21
100%
10001011 213
100%
10010 22
100%
10010001 221
100%
10010100 224
100%
10010101 225
100%
10010110 226
100%
10010111 227
100%
10011 23
100%
10011001 231
100%
10011101 235
100%
10011111 237
100%
10100 24
100%
10100000 240
100%
10100101 245
100%
10100111 247
100%
10101001 251
100%
10101010 252
100%
10101110 256
100%
10101111 257
100%
10110 26
100%
10110100 264
100%
10110101 265
100%
10110110 266
100%
10110111 267
100%
10111 27
100%
10111000 270
100%
10111001 271
100%
10111010 272
100%
10111110 276
100%
11 3
100%
11000010 302
100%
11000011 303
100%
11000110 306
100%
11000111 307
100%
11001010 312
100%
11001101 315
100%
11001110 316
100%
11010001 321
100%
11010010 322
100%
11010101 325
100%
11010110 326
100%
11011 33
100%
11011000 330
100%
11011010 332
100%
11011011 333
100%
11011101 335
100%
11100 34
100%
11100000 340
100%
11100010 342
100%
11100011 343
100%
11100110 346
100%
11100111 347
100%
11101000 350
100%
11101001 351
100%
11101010 352
100%
11101101 355
100%
11101110 356
100%
11110001 361
100%
11110011 363
100%
11110100 364
100%
11111 37
100%
11111010 372
100%
11111100 374
100%
100 4
100%
100001 41
100%
100100 44
100%
100101 45
100%
100111 47
100%
101011 53
100%
101100 54
100%
101101 55
100%
101110 56
100%
110 6
100%
110100 64
100%
110101 65
100%
110110 66
100%
110111 67
100%
111 7
100%
111000 70
100%
111001 71
100%
111101 75
100%
111110 76
100%
10001110 216
80%
10000100 204
75%
10011011 233
75%
11000 30
75%
11001100 314
75%
11111011 373
75%
1 1
67%
1011111 137
67%
1100000 140
67%
1100110 146
67%
1101000 150
67%
1111001 171
67%
1111011 173
67%
10010011 223
67%
10101011 253
67%
10110000 260
67%
10110010 262
67%
10111111 277
67%
11000000 300
67%
11001011 313
67%
11010 32
67%
11010000 320
67%
11011100 334
67%
11111110 376
67%
11111111 377
67%
101111 57
67%
110001 61
67%
110011 63
67%
111100 74
67%
1000010 102
50%
1001010 112
50%
1001100 114
50%
1010100 124
50%
1011010 132
50%
1100111 147
50%
1101 15
50%
1110000 160
50%
1110100 164
50%
10001001 211
50%
10101101 255
50%
10110011 263
50%
10111011 273
50%
10111100 274
50%
11001001 311
50%
11011110 336
50%
11100001 341
50%
11110 36
50%
11110110 366
50%
11111000 370
50%
11111001 371
50%
11111101 375
50%
110000 60
50%
111011 73
50%
10000000 200
33%
10011010 232
33%
10011100 234
33%
10100011 243
33%
11001000 310
33%
11110000 360
33%
11110111 367
33%
110010 62
33%
1000011 103
0%
1000100 104
0%
1000101 105
0%
1001000 110
0%
1001001 111
0%
1001110 116
0%
1010000 120
0%
1010010 122
0%
1010011 123
0%
1011001 131
0%
1011101 135
0%
1100011 143
0%
1100101 145
0%
1101010 152
0%
1101110 156
0%
1101111 157
0%
1110010 162
0%
1110110 166
0%
1110111 167
0%
1111010 172
0%
1111101 175
0%
10000110 206
0%
10001000 210
0%
10001010 212
0%
10001100 214
0%
10001101 215
0%
10001111 217
0%
10010000 220
0%
10010010 222
0%
10011000 230
0%
10011110 236
0%
10100001 241
0%
10100010 242
0%
10100100 244
0%
10100110 246
0%
10101 25
0%
10101000 250
0%
10101100 254
0%
10110001 261
0%
10111101 275
0%
11000001 301
0%
11000100 304
0%
11000101 305
0%
11001 31
0%
11001111 317
0%
11010011 323
0%
11010100 324
0%
11010111 327
0%
11011001 331
0%
11011111 337
0%
11100100 344
0%
11100101 345
0%
11101 35
0%
11101011 353
0%
11101100 354
0%
11101111 357
0%
11110010 362
0%
11110101 365
0%
100000 40
0%
100010 42
0%
100011 43
0%
100110 46
0%
101 5
0%
101000 50
0%
101001 51
0%
101010 52
0%
111010 72
0%
111111 77
0%
No matching quizzes found
Score Distribution
Percent of People with Each Score
Percentile by Number Answered
Your Score History
You have not taken this quiz